ბათუმის შოთა რუსთაველის სახელმწიფო უნივერსიტეტის ბიბლიოთეკა

ჩვენი ენა ქართული / (ბიბ.ჩანაწერი № 36159)

000 -ლიდერი
ფიქსირებული სიგრძის საკონტროლო ველი 01154nam a2200241Ia 4500
001 - საკონტროლო ნომერი
საკონტროლო ველი 2061
003 - საკონტროლო ნომრის იდენტიფიკატორი
საკონტროლო ველი GE_BSU
005 - ბოლო ოპერაციის თარიღი და დრო
საკონტროლო ველი 20190515194447.0
008 - ფიქსირებული სიგრძის მონაცემთა ელემენტები - ზოგადი ინფორმაცია
ფიქსირებული სიგრძის საკონტროლო ველი 181216s2009||||ge |||||||||||||| ||geo||
020 ## - წიგნის საერთაშორისო სტანდარტული ნომერი
International Standard Book Number 9789941150999
040 ## - კატალოგიზაციის წყარო
Transcribing agency GE_BSU
080 ## - უნივერსალური ათობითი კლასიფიკაციის ინდექსი
Universal Decimal Classification number 811.353.1,35(075.8) ა–91
100 ## - მთავარი ჩანაწერი - პიროვნების სახელი
Personal name აფრიდონიძე, შუქია
9 (RLIN) 1198
245 ## - ცნობა სათაურის შესახებ
Title ჩვენი ენა ქართული /
Statement of responsibility, etc შუქია აფრიდონიძე ; რედ.: ვიოლა კალანდაძე, გუჩა კვარაცხელია.
264 ## - წარმოების, გამოცემის, დისტრიბუციის და სხვა ცნობები
გამოცემის, წარმოების, დისტრიბუციის... ადგილი თბილისი :
გამოცემის, წარმოების, დისტრიბუციის... სახელწოდება ბაკურ სულაკაურის გამ-ბა,
გამოცემის, წარმოების, დისტრიბუციის... თარიღი 2009.
300 ## - ფიზიკური აღწერა
Extent 224 გვ.;
Other physical details 19 სმ.
504 ## - BIBLIOGRAPHY, ETC. NOTE
Bibliography, etc საძიებლები: გვ. 207-224. - ბიბლიოგრ.: გვ. 205-206.
653 ## - INDEX TERM--UNCONTROLLED
Uncontrolled term ქართული ენის ორთოგრაფია
700 ## - ADDED ENTRY--PERSONAL NAME
Personal name კალანდაძე, ვიოლა
Relator term რედაქტორი
9 (RLIN) 1199
700 ## - ADDED ENTRY--PERSONAL NAME
Personal name კვარაცხელია, გუჩა
Relator term რედაქტორი
9 (RLIN) 1200
942 ## - ADDED ENTRY ELEMENTS (KOHA)
Koha item type წიგნი
Source of classification or shelving scheme
ეგზემპლარები
ჩამოწერის სტატუსი დაკარგული ეგზემპლარის სტატუსი კლასიფიკაციის წყარო ან თაროზე გაწყობის სქემა დაზიანების სტატუსი არ გაიცემა მუდმივი მდებარეობა (დაცვის ადგილი) ამჟამინდელი ადგილსამყოფელი თაროზე განთავსების ადგილი შეძენის თარიღი ღირებულება, შესყიდვის ნორმალური ფასი სრული შენახვის შიფრი შტრიხკოდი ბოლო ოპერაციის თარიღი ეგზემპლარის მიმდევრობითი ნომერი (კეტერი?) ფასის ძალაში შესვლის თარიღი ეგზემპლარის სახეობა საჯარო შენიშვნა
          ბათუმის შოთა რუსთაველის სახელმწიფო უნივერსიტეტის მთავარი ბიბლიოთეკა ბათუმის შოთა რუსთაველის სახელმწიფო უნივერსიტეტის მთავარი ბიბლიოთეკა წიგნსაცავი 2018-12-17 8.00 811.353.1,35(075.8) ა-92 4226 2018-12-17 4226 2018-12-17 წიგნი 8 ლ.
          ბათუმის შოთა რუსთაველის სახელმწიფო უნივერსიტეტის მთავარი ბიბლიოთეკა ბათუმის შოთა რუსთაველის სახელმწიფო უნივერსიტეტის მთავარი ბიბლიოთეკა წიგნსაცავი 2018-12-17 8.00 811.353.1,35(075.8) ა-92 4227 2018-12-17 4227 2018-12-17 წიგნი 8 ლ.